| 000 | 00690nam a2200253Ia 4500 | ||
|---|---|---|---|
| 003 | GCL | ||
| 008 | 140319s9999 xx 000 0 eng d | ||
| 020 | _a0521284279 | ||
| 040 |
_aGCL / _cGCL |
||
| 082 | 0 | 4 |
_aCC _b932 _bT A |
| 100 | 1 | _aTRIGGER, B.G. | |
| 245 | 1 | 0 |
_aANCIENT EGYPT : _bA SOCIAL HISTORY / _cTRIGGER, B.G. |
| 700 | 1 | _aKEMP B J | |
| 700 | 1 | _aCONNOR, D.O | |
| 260 |
_aانجلترا : _bCAMBRIBGE UNIVERSITY PRESS ، _c1999 |
||
| 300 |
_a540 P _bILL, MAPS ؛ _c24 cm. |
||
| 650 | 0 | 4 | _aSOCIAL HISTORY |
| 650 | 0 | 4 | _aANCIENT EGYPT - HISTORY |
| 650 | 0 | 4 | _aEGYPT |
| 650 | 0 | 4 | _aEGYPTOLOGY |
| 650 | 0 | 4 | _aEGYPT - HISTORY |
| 650 | 0 | 4 | _aEGYPT - CIVILIZATION |
| 942 |
_2ddc _cBK |
||
| 999 |
_c17439 _d17439 |
||